000 00790nam a2200193Ia 4500
008 090123s9999 xx 000 0 und d
082 _b24913
100 _aअत्रे दिपा भटकमल
245 _aवाचन कौशल्य कृती गती आणि प्रगती
250 _a1
260 _bउन्मेष प्रकाशन
300 _a280
600 _aअत्रे दिपा भटकमल
630 _aवाचन कौशल्य कृती गती आणि प्रगती
700 _aअत्रे दिपा भटकमल
700 _aअत्रे दिपा भटकमल
730 _aवाचन कौशल्य कृती गती आणि प्रगती
942 _cBOOK
999 _c62984
_d62984